الكتاب التذكارى : (Record no. 15883)
[ view plain ]
| 000 -الفاتح | |
|---|---|
| حقل البيانات ثابتة الطول | 00780nam a22001817a 4500 |
| 008 - عناصر البيانات ثابتة الطول - معلومات عامة | |
| حقل البيانات ثابتة الطول | 110821s1983 ua||||| |||| 00| 0 ara d |
| 020 ## - الرقم الدولى المعيارى للكتب | |
| الرقم الدولى المعيارى للكتاب | 977011788 |
| 082 ## - رقم تصنيف ديوى العشرى | |
| رقم الطبعة | 22 |
| رقم التصنيف | 181.92 |
| رقم المادة | م د ك |
| 100 1# - المدخل الرئيسى - إسم شخصى | |
| 9 (RLIN) | 20703 |
| الإسم الشخصى | مدكور ، إبراهيم |
| 245 ## - بيان العنوان | |
| العنوان | الكتاب التذكارى : |
| بقية العنوان | أبو نصر الفارابى فى الذكرى الألفية لوفاته 950 م / |
| بيان المسئوليه,etc | ابراهيم مدكور |
| 260 ## - PUBLICATION, DISTRIBUTION, ETC. (IMPRINT) | |
| مكان الناشر او الموزع | القاهرة : |
| اسم الناشر او الموزع | الهيئة المصرية العامة للكتاب ، |
| تاريخ النشر أو التوزيع | 1983. |
| 300 ## - الوصف المادى | |
| التعداد | 355 ص ؛ |
| أبعاد الوعاء | 24 سم. |
| 600 #0 - المدخل الاضافى بالموضوع-اسم شخصى | |
| 9 (RLIN) | 26816 |
| الإسم الشخصى | الفارابى ، محمد بن محمد |
| 650 #0 - المدخل الاضافى بالموضوع-مصطلح موضوعى | |
| 9 (RLIN) | 26814 |
| مصطلح موضوعي أو اسم جغرافي كعنصر مدخل | العلماء المسلمون |
| التقسيم الفرعي العام | تراجم |
| 650 #0 - المدخل الاضافى بالموضوع-مصطلح موضوعى | |
| 9 (RLIN) | 26815 |
| مصطلح موضوعي أو اسم جغرافي كعنصر مدخل | الفلاسفة المسلمون |
| التقسيم الفرعي العام | تراجم |
| 653 ## - مصطلح تكشيفى غير مقيد | |
| Resource For college | |
| Arrived date list | August2011 |
| 942 ## - عناصر المدخل الإضافي( كوها) | |
| مصدر التصنيف او مخطط الترفيف | Dewey Decimal Classification |
| Koha [default] item type | Book - Borrowing |
| حالة التراجع | حالة الفقد | مصدر التصنيف او خطة الترفيف | حالة تلف | ليس للاعارة | مجموعات كوها | المكان الدائم | المكان الحالي | موقع الترفيف | تاريخ الاكتساب | Source of acquisition | رقم الاستدعاء | الباركود | Date last seen | مُعار | نوع الوعاء |
|---|---|---|---|---|---|---|---|---|---|---|---|---|---|---|---|
| Dewey Decimal Classification | Alef-Baa | Central Library | Central Library | Lower Floor | 21/08/2011 | 181.92 م د ك | 000024604 | 15/07/2025 | 11/11/2013 | Book - Borrowing |